| 000 | 00492nam a2200169 i 4500 | ||
|---|---|---|---|
| 001 | 104763 | ||
| 003 | ES-MaACL | ||
| 005 | 20230906183700.0 | ||
| 007 | t| | ||
| 008 | 051212s1921 ec ||||1| spa d | ||
| 100 | 1 |
_aMiramontes Zuázola, Juan. _981514 |
|
| 245 | 1 | 0 |
_aArmas Antárticas / _cJuan Miramontes Zuázola; editadas por J. Jijón y Caamaño. |
| 260 |
_aQuito : _bJulio Saenz, _c1921. |
||
| 300 |
_a2 v. ; _c17 cm. |
||
| 500 | _aEjemplar nº. 148. | ||
| 852 |
_aES-MaACL _jF-419596 |
||
| 999 |
_c104763 _d104763 |
||